[Event "IECC M-4920"]
[Site "IECC email"]
[Date "2004.01.11"]
[Round "?"]
[White "Drozdz, Andrzej"]
[Black "Heyer, Horst"]
[Result "1-0"]
[WhiteElo "1138"]
[BlackElo "1020"]
[PlyCount "47"]
[EventDate "2004.??.??"]
[EventType "tourn (corr)"]
[EventRounds "10"]
[SourceTitle "Corr 2020"]
[Source "ChessBase"]
[SourceDate "2019.09.30"]
[SourceVersion "1"]
[SourceVersionDate "2019.09.30"]
[SourceQuality "1"]
[WhiteTeam "Poland"]
[BlackTeam "Germany"]
[WhiteTeamCountry "POL"]
[BlackTeamCountry "GER"]

1. d4 d5 2. c4 c6 3. Nf3 Nf6 4. Nc3 e6 5. Bg5 h6 6. Bh4 dxc4 7. e4 g5 8. Bg3 b5 9. e5 Nd5 10. Be2 Bb4 11. Qc2 Qa5 12. 0-0 Nxc3 13. bxc3 Bxc3 14. Rac1 Bb4 15. Rfd1 f5 16. exf6 Rf8 17. Be5 Nd7 18. Qg6+ Rf7 19. d5 cxd5 20. Qxh6 g4 21. Ng5 Bf8 22. Qh5 g3 23. Qxf7+ Kd8 24. Nxe6# 1-0

[Event "IECC M-4918"]
[Site "IECC email"]
[Date "2004.01.08"]
[Round "?"]
[White "Drozdz, Andrzej"]
[Black "Azzola, Orazio"]
[Result "0-1"]
[WhiteElo "1157"]
[BlackElo "1250"]
[PlyCount "56"]
[EventDate "2004.??.??"]
[EventType "tourn (corr)"]
[EventRounds "10"]
[SourceTitle "Corr 2020"]
[Source "ChessBase"]
[SourceDate "2019.09.30"]
[SourceVersion "1"]
[SourceVersionDate "2019.09.30"]
[SourceQuality "1"]
[WhiteTeam "Poland"]
[BlackTeam "Italy"]
[WhiteTeamCountry "POL"]
[BlackTeamCountry "ITA"]

1. d4 d5 2. c4 e6 3. Nc3 c5 4. cxd5 exd5 5. Nf3 Nc6 6. g3 Nf6 7. Bg2 Be7 8. 0-0 0-0 9. Bg5 cxd4 10. Nxd4 Qb6 11. e3 Qxb2 12. Nxd5 Nxd5 13. Nxc6 bxc6 14. Bxd5 Bxg5 15. Bxc6 Bh3 16. Re1 Rac8 17. Re2 Qf6 18. Bd5 Bg4 19. Rb1 Rfd8 20. f3 Bxf3 21. Bxf3 Rxd1+ 22. Rxd1 Qxf3 23. Rde1 Rc3 24. Rb2 Bxe3+ 25. Rxe3 Qxe3+ 26. Kg2 Qe4+ 27. Kh3 Qe6+ 28. Kg2 g6 0-1

[Event "IECC M-4914"]
[Site "IECC email"]
[Date "2004.01.07"]
[Round "?"]
[White "Grillo, Vince"]
[Black "Drozdz, Andrzej"]
[Result "0-1"]
[WhiteElo "1001"]
[BlackElo "1141"]
[PlyCount "54"]
[EventDate "2004.??.??"]
[EventType "tourn (corr)"]
[EventRounds "10"]
[SourceTitle "Corr 2020"]
[Source "ChessBase"]
[SourceDate "2019.09.30"]
[SourceVersion "1"]
[SourceVersionDate "2019.09.30"]
[SourceQuality "1"]
[WhiteTeam "England"]
[BlackTeam "Poland"]
[WhiteTeamCountry "ENG"]
[BlackTeamCountry "POL"]

1. e4 c6 2. Nc3 d5 3. Nf3 Bg4 4. exd5 cxd5 5. d4 Nf6 6. h3 Bxf3 7. Qxf3 a6 8. Bd3 g6 9. 0-0 Nc6 10. Ne2 e5 11. dxe5 Nxe5 12. Qf4 Bd6 13. Qh6 Nh5 14. Nf4 Bf8 15. Qg5 Qxg5 16. Nxg6 Qf6 17. Nxh8 0-0-0 18. Nxf7 Qxf7 19. Re1 Bd6 20. Bg5 Nf3+ 21. gxf3 Rg8 22. h4 Qxf3 23. Be2 Qh3 24. Bxh5 Qh2+ 25. Kf1 Rf8 26. Be3 Bg3 27. Rad1 Rxf2+ 0-1

[Event "IECC M email"]
[Site "IECC email"]
[Date "2003.10.11"]
[Round "?"]
[White "Drozdz, Andrzej"]
[Black "Lafargue, Philippe"]
[Result "1-0"]
[WhiteElo "1126"]
[BlackElo "867"]
[PlyCount "55"]
[EventDate "2003.??.??"]
[EventType "tourn (corr)"]
[EventRounds "6"]
[SourceTitle "Corr 2008"]
[Source "ChessBase"]
[SourceDate "2008.06.24"]
[SourceVersion "1"]
[SourceVersionDate "2008.06.24"]
[SourceQuality "1"]

1. d4 d5 2. c4 e5 3. dxe5 d4 4. Nf3 Bb4+ 5. Bd2 Bxd2+ 6. Nbxd2 c5 7. g3 Nh6 8. Bg2 Qb6 9. b3 Bd7 10. Ne4 0-0 11. Nfg5 Bc6 12. Qd3 g6 13. Nf6+ Kg7 14. 0-0 Nf5 15. g4 Nh4 16. Qh3 Bxg2 17. Qxh4 h6 18. Kxg2 Qc6+ 19. f3 Nd7 20. Nge4 Rh8 21. Nxd7 g5 22. Qh5 Qxd7 23. Nf6 Qe7 24. f4 b6 25. Nd5 Qd8 26. f5 Rc8 27. f6+ Kh7 28. Qxf7# 1-0

[Event "IECC M email"]
[Site "IECC email"]
[Date "2003.09.02"]
[Round "?"]
[White "Mottershead, Richard"]
[Black "Drozdz, Andrzej"]
[Result "0-1"]
[WhiteElo "1059"]
[BlackElo "1112"]
[PlyCount "54"]
[EventDate "2003.??.??"]
[EventType "tourn (corr)"]
[EventRounds "6"]
[SourceTitle "Corr 2008"]
[Source "ChessBase"]
[SourceDate "2008.06.24"]
[SourceVersion "1"]
[SourceVersionDate "2008.06.24"]
[SourceQuality "1"]

1. e4 e5 2. Nf3 Nc6 3. Bb5 Bc5 4. 0-0 Nd4 5. Nxd4 exd4 6. d3 Ne7 7. Qh5 b6 8. Bg5 0-0 9. Nd2 f6 10. Bh4 d5 11. f3 c6 12. Ba4 b5 13. Bb3 g6 14. Qh6 a5 15. c3 a4 16. Bd1 dxc3+ 17. Bf2 Bxf2+ 18. Rxf2 cxd2 19. Qxd2 dxe4 20. fxe4 f5 21. Bf3 Qd4 22. Raf1 Kg7 23. Kh1 h6 24. h3 fxe4 25. Bxe4 Bf5 26. Bxf5 Nxf5 27. Rf3 Ng3+ 0-1

[Event "IECC M email"]
[Site "IECC email"]
[Date "2003.03.15"]
[Round "?"]
[White "Drozdz, Andrzej"]
[Black "Paas, Christian"]
[Result "1-0"]
[WhiteElo "1107"]
[BlackElo "1216"]
[PlyCount "45"]
[EventDate "2003.??.??"]
[EventType "tourn (corr)"]
[EventRounds "6"]
[SourceTitle "Corr 2008"]
[Source "ChessBase"]
[SourceDate "2008.06.24"]
[SourceVersion "1"]
[SourceVersionDate "2008.06.24"]
[SourceQuality "1"]

1. d4 d5 2. c4 e6 3. Nc3 Nf6 4. Nf3 h6 5. Bf4 a6 6. a4 Bb4 7. e3 b6 8. Bd3 Bd7 9. 0-0 0-0 10. Ne5 Nc6 11. cxd5 Nxe5 12. dxe5 Bxc3 13. bxc3 Nxd5 14. Be4 Nxc3 15. Qd3 Nxe4 16. Qxe4 a5 17. Rfd1 Qe8 18. h4 Qe7 19. g3 g5 20. hxg5 hxg5 21. Bxg5 Qe8 22. Bf6 Qd8 23. Qg4+ 1-0